000 00528nam a22001691a 4500
020 _c0.00
040 _aSSUS - Library - Kalady
082 _aMED 371.262 LIS/STU
100 _aLisa John Palathingal
245 _aA study on the relationship between adjustment and achievement in mathematics of secondary school pupils
_h[MED]
260 _c1997
300 _a150p.
600 _aAchievement Mathematics Secondary Schools
600 _aMED thesis
852 _90.00
_r
942 _cREF
999 _c117650
_d117650